00606nam a2200157 a 450000100100000000500170001000800410002704000250006810000600009324500350015326000490018830000210023704900090025895201640026799900170043100003089920250404193304.0110606s1949 dr 000 0 spa d aDO-SdBNPbspacBNPHU1 aSanz Lajara, J. M.d1917-1963q(José Mariano), 9662310aCotopaxi /cJ. M. Sanz Lajara. aBuenos Aires :bEditorial Americalee,c1949. a210 p. ;c21 cm. aBNPD 0010718PDaPDbPDcCTd2011-06-06iLF1l0o p30899-10r2020-06-25w2020-06-25yLFPDzPerteneció a la biblioteca personal de Martínez Boog.ZNo se presta c30391d30391